Manchester United League Players Since 2014 - Statistics

General Stats
  • This quiz has been taken 251 times
    197 since last reset
  • The average score is 238 of 296
Answer Stats
% Correct
2023/24 (Premier League - 8th) Cameroon GK 28 Andre Onana 38
100%
2023/24 (Premier League - 8th) Portugal AM 29 Bruno Fernandes 35 10
98%
2022/23 (Premier League - 3rd) Portugal AM 27 Bruno Fernandes 37 8
98%
2021/22 (Premier League - 6th) Portugal AM 26 Bruno Fernandes 36 10
98%
2020/21 (Premier League - 2nd) Portugal AM 25 Bruno Fernandes 37 18
98%
2019/20 (Premier League - 3rd) Portugal AM 24 Bruno Fernandes 14 8
98%
2023/24 (Premier League - 8th) Brazil DM 32 Casemiro 25 1
98%
2022/23 (Premier League - 3rd) Brazil DM 30 Casemiro 28 4
98%
2023/24 (Premier League - 8th) Denmark CM 32 Christian Eriksen 22 1
98%
2022/23 (Premier League - 3rd) Denmark CM 30 Christian Eriksen 28 1
98%
2022/23 (Premier League - 3rd) Spain GK 31 David de Gea 38
98%
2021/22 (Premier League - 6th) Spain GK 30 David de Gea 38
98%
2020/21 (Premier League - 2nd) Spain GK 29 David de Gea 26
98%
2019/20 (Premier League - 3rd) Spain GK 28 David de Gea 38
98%
2018/19 (Premier League - 6th) Spain GK 27 David de Gea 38
98%
2017/18 (Premier League - 2nd) Spain GK 26 David de Gea 37
98%
2016/17 (Premier League - 6th) Spain GK 25 David de Gea 35
98%
2015/16 (Premier League - 5th) Spain GK 24 David de Gea 34
98%
2014/15 (Premier League - 4th) Spain GK 23 David de Gea 37
98%
2023/24 (Premier League - 8th) England CB 31 Harry Maguire 22 2
98%
2022/23 (Premier League - 3rd) England CB 29 Harry Maguire 16
98%
2021/22 (Premier League - 6th) England CB 28 Harry Maguire 30 1
98%
2020/21 (Premier League - 2nd) England CB 27 Harry Maguire 34 2
98%
2019/20 (Premier League - 3rd) England CB 26 Harry Maguire 38 1
98%
2023/24 (Premier League - 8th) England LB 28 Luke Shaw 12
98%
2022/23 (Premier League - 3rd) England LB 26 Luke Shaw 31 1
98%
2021/22 (Premier League - 6th) England LB 25 Luke Shaw 20
98%
2020/21 (Premier League - 2nd) England LB 24 Luke Shaw 32 1
98%
2019/20 (Premier League - 3rd) England LB 23 Luke Shaw 24
98%
2018/19 (Premier League - 6th) England LB 22 Luke Shaw 29 1
98%
2017/18 (Premier League - 2nd) England LB 21 Luke Shaw 11
98%
2016/17 (Premier League - 6th) England LB 20 Luke Shaw 11
98%
2015/16 (Premier League - 5th) England LB 19 Luke Shaw 5
98%
2014/15 (Premier League - 4th) England LB 18 Luke Shaw 16
98%
2023/24 (Premier League - 8th) England LW 26 Marcus Rashford 33 7
98%
2022/23 (Premier League - 3rd) England LW 24 Marcus Rashford 35 17
98%
2021/22 (Premier League - 6th) England LW 23 Marcus Rashford 25 4
98%
2020/21 (Premier League - 2nd) England LW 22 Marcus Rashford 37 11
98%
2019/20 (Premier League - 3rd) England LW 21 Marcus Rashford 31 17
98%
2018/19 (Premier League - 6th) England LW 20 Marcus Rashford 33 10
98%
2017/18 (Premier League - 2nd) England LW 19 Marcus Rashford 35 7
98%
2016/17 (Premier League - 6th) England LW 18 Marcus Rashford 32 5
98%
2015/16 (Premier League - 5th) England LW 17 Marcus Rashford 11 5
98%
2023/24 (Premier League - 8th) Sweden CB 29 Victor Lindelof 19 1
98%
2022/23 (Premier League - 3rd) Sweden CB 27 Victor Lindelof 20
98%
2021/22 (Premier League - 6th) Sweden CB 26 Victor Lindelof 28
98%
2020/21 (Premier League - 2nd) Sweden CB 25 Victor Lindelof 29 1
98%
2019/20 (Premier League - 3rd) Sweden CB 24 Victor Lindelof 35 1
98%
2018/19 (Premier League - 6th) Sweden CB 23 Victor Lindelof 30 1
98%
2017/18 (Premier League - 2nd) Sweden CB 22 Victor Lindelof 17
98%
2023/24 (Premier League - 8th) Argentina LW 19 Alejandro Garnacho 36 7
97%
2022/23 (Premier League - 3rd) Argentina LW 18 Alejandro Garnacho 19 3
97%
2021/22 (Premier League - 6th) Argentina LW 17 Alejandro Garnacho 2
97%
2023/24 (Premier League - 8th) France ST 28 Anthony Martial 13 1
97%
2022/23 (Premier League - 3rd) France ST 26 Anthony Martial 21 6
97%
2021/22 (Premier League - 6th) France ST 25 Anthony Martial 8 1
97%
2020/21 (Premier League - 2nd) France ST 24 Anthony Martial 22 4
97%
2019/20 (Premier League - 3rd) France ST 23 Anthony Martial 32 17
97%
2018/19 (Premier League - 6th) France ST 22 Anthony Martial 27 10
97%
2017/18 (Premier League - 2nd) France ST 21 Anthony Martial 30 9
97%
2016/17 (Premier League - 6th) France ST 20 Anthony Martial 25 4
97%
2015/16 (Premier League - 5th) France ST 19 Anthony Martial 31 11
97%
2023/24 (Premier League - 8th) Scotland DM 27 Scott McTominay 32 7
97%
2022/23 (Premier League - 3rd) Scotland DM 25 Scott McTominay 24 1
97%
2021/22 (Premier League - 6th) Scotland DM 24 Scott McTominay 30 1
97%
2020/21 (Premier League - 2nd) Scotland DM 23 Scott McTominay 32 4
97%
2019/20 (Premier League - 3rd) Scotland DM 22 Scott McTominay 27 4
97%
2018/19 (Premier League - 6th) Scotland DM 21 Scott McTominay 16 2
97%
2017/18 (Premier League - 2nd) Scotland DM 20 Scott McTominay 13
97%
2016/17 (Premier League - 6th) Scotland DM 19 Scott McTominay 2
97%
2023/24 (Premier League - 8th) Northern Ireland CB 36 Jonny Evans 23
96%
2014/15 (Premier League - 4th) Northern Ireland CB 26 Jonny Evans 14
96%
2021/22 (Premier League - 6th) France CM 28 Paul Pogba 20 1
96%
2020/21 (Premier League - 2nd) France CM 27 Paul Pogba 26 3
96%
2019/20 (Premier League - 3rd) France CM 26 Paul Pogba 16 1
96%
2018/19 (Premier League - 6th) France CM 25 Paul Pogba 35 13
96%
2017/18 (Premier League - 2nd) France CM 24 Paul Pogba 27 6
96%
2016/17 (Premier League - 6th) France CM 23 Paul Pogba 30 5
96%
2023/24 (Premier League - 8th) Denmark ST 21 Rasmus Hojlund 30 10
96%
2023/24 (Premier League - 8th) Brazil RW 24 Antony 29 1
95%
2022/23 (Premier League - 3rd) Brazil RW 22 Antony 25 4
95%
2022/23 (Premier League - 3rd) Portugal ST 37 Cristiano Ronaldo 10 1
95%
2021/22 (Premier League - 6th) Portugal ST 36 Cristiano Ronaldo 30 18
95%
2023/24 (Premier League - 8th) Portugal RB 25 Diogo Dalot 36 2
95%
2022/23 (Premier League - 3rd) Portugal RB 23 Diogo Dalot 26 1
95%
2021/22 (Premier League - 6th) Portugal RB 22 Diogo Dalot 24
95%
2019/20 (Premier League - 3rd) Portugal RB 20 Diogo Dalot 4
95%
2018/19 (Premier League - 6th) Portugal RB 19 Diogo Dalot 16
95%
2021/22 (Premier League - 6th) Spain AM 33 Juan Mata 7
95%
2020/21 (Premier League - 2nd) Spain AM 32 Juan Mata 9 1
95%
2019/20 (Premier League - 3rd) Spain AM 31 Juan Mata 19
95%
2018/19 (Premier League - 6th) Spain AM 30 Juan Mata 22 3
95%
2017/18 (Premier League - 2nd) Spain AM 29 Juan Mata 28 3
95%
2016/17 (Premier League - 6th) Spain AM 28 Juan Mata 25 6
95%
2015/16 (Premier League - 5th) Spain AM 27 Juan Mata 38 6
95%
2014/15 (Premier League - 4th) Spain AM 26 Juan Mata 33 9
95%
2023/24 (Premier League - 8th) Argentina CB 26 Lisandro Martinez 11
95%
2022/23 (Premier League - 3rd) Argentina CB 24 Lisandro Martinez 27 1
95%
2021/22 (Premier League - 6th) Serbia DM 32 Nemanja Matic 23
95%
2020/21 (Premier League - 2nd) Serbia DM 31 Nemanja Matic 20
95%
2019/20 (Premier League - 3rd) Serbia DM 30 Nemanja Matic 21
95%
2018/19 (Premier League - 6th) Serbia DM 29 Nemanja Matic 28 1
95%
2017/18 (Premier League - 2nd) Serbia DM 28 Nemanja Matic 36 1
95%
2023/24 (Premier League - 8th) France CB 31 Raphael Varane 22 1
95%
2022/23 (Premier League - 3rd) France CB 29 Raphael Varane 24
95%
2021/22 (Premier League - 6th) France CB 28 Raphael Varane 22 1
95%
2023/24 (Premier League - 8th) England RB 26 Aaron Wan-Bissaka 22
93%
2022/23 (Premier League - 3rd) England RB 24 Aaron Wan-Bissaka 19
93%
2021/22 (Premier League - 6th) England RB 23 Aaron Wan-Bissaka 20
93%
2020/21 (Premier League - 2nd) England RB 22 Aaron Wan-Bissaka 34 2
93%
2019/20 (Premier League - 3rd) England RB 21 Aaron Wan-Bissaka 35
93%
2021/22 (Premier League - 6th) Uruguay ST 34 Edinson Cavani 15 2
93%
2020/21 (Premier League - 2nd) Uruguay ST 33 Edinson Cavani 26 10
93%
2022/23 (Premier League - 3rd) Brazil CM 29 Fred 35 2
93%
2021/22 (Premier League - 6th) Brazil CM 28 Fred 28 4
93%
2020/21 (Premier League - 2nd) Brazil CM 27 Fred 30 1
93%
2019/20 (Premier League - 3rd) Brazil CM 26 Fred 29
93%
2018/19 (Premier League - 6th) Brazil CM 25 Fred 17 1
93%
2018/19 (Premier League - 6th) Ecuador RB 32 Antonio Valencia 6
92%
2017/18 (Premier League - 2nd) Ecuador RB 31 Antonio Valencia 31 3
92%
2016/17 (Premier League - 6th) Ecuador RB 30 Antonio Valencia 28 1
92%
2015/16 (Premier League - 5th) Ecuador RB 29 Antonio Valencia 14
92%
2014/15 (Premier League - 4th) Ecuador RB 28 Antonio Valencia 32
92%
2018/19 (Premier League - 6th) Belgium ST 25 Romelu Lukaku 32 12
92%
2017/18 (Premier League - 2nd) Belgium ST 24 Romelu Lukaku 34 16
92%
2023/24 (Premier League - 8th) England CM 19 Kobbie Mainoo 24 3
91%
2022/23 (Premier League - 3rd) England CM 17 Kobbie Mainoo 1
91%
2021/22 (Premier League - 6th) England CB 29 Phil Jones 4
91%
2019/20 (Premier League - 3rd) England CB 27 Phil Jones 2
91%
2018/19 (Premier League - 6th) England CB 26 Phil Jones 18
91%
2017/18 (Premier League - 2nd) England CB 25 Phil Jones 23
91%
2016/17 (Premier League - 6th) England CB 24 Phil Jones 18
91%
2015/16 (Premier League - 5th) England CB 23 Phil Jones 10
91%
2014/15 (Premier League - 4th) England CB 22 Phil Jones 22
91%
2016/17 (Premier League - 6th) England ST 30 Wayne Rooney 25 5
90%
2015/16 (Premier League - 5th) England ST 29 Wayne Rooney 28 8
90%
2014/15 (Premier League - 4th) England ST 28 Wayne Rooney 33 12
90%
2017/18 (Premier League - 2nd) Sweden ST 35 Zlatan Ibrahimovic 5
90%
2016/17 (Premier League - 6th) Sweden ST 34 Zlatan Ibrahimovic 28 17
90%
2021/22 (Premier League - 6th) Ivory Coast CB 27 Eric Bailly 4
89%
2020/21 (Premier League - 2nd) Ivory Coast CB 26 Eric Bailly 12
89%
2019/20 (Premier League - 3rd) Ivory Coast CB 25 Eric Bailly 4
89%
2018/19 (Premier League - 6th) Ivory Coast CB 24 Eric Bailly 12
89%
2017/18 (Premier League - 2nd) Ivory Coast CB 23 Eric Bailly 13 1
89%
2016/17 (Premier League - 6th) Ivory Coast CB 22 Eric Bailly 25
89%
2018/19 (Premier League - 6th) Chile ST 29 Alexis Sanchez 20 1
88%
2017/18 (Premier League - 2nd) Chile ST 28 Alexis Sanchez 12 2
88%
2023/24 (Premier League - 8th) Morocco DM 27 Sofyan Amrabat 21
88%
2018/19 (Premier League - 6th) Belgium CM 30 Marouane Fellaini 14
87%
2017/18 (Premier League - 2nd) Belgium CM 29 Marouane Fellaini 16 4
87%
2016/17 (Premier League - 6th) Belgium CM 28 Marouane Fellaini 28 1
87%
2015/16 (Premier League - 5th) Belgium CM 27 Marouane Fellaini 18 1
87%
2014/15 (Premier League - 4th) Belgium CM 26 Marouane Fellaini 27 6
87%
2018/19 (Premier League - 6th) Spain CM 28 Ander Herrera 22 2
86%
2017/18 (Premier League - 2nd) Spain CM 27 Ander Herrera 26
86%
2016/17 (Premier League - 6th) Spain CM 26 Ander Herrera 31 1
86%
2015/16 (Premier League - 5th) Spain CM 25 Ander Herrera 27 3
86%
2014/15 (Premier League - 4th) Spain CM 24 Ander Herrera 26 6
86%
2023/24 (Premier League - 8th) Netherlands CM 27 Donny van de Beek 1
86%
2022/23 (Premier League - 3rd) Netherlands CM 25 Donny van de Beek 7
86%
2021/22 (Premier League - 6th) Netherlands CM 24 Donny van de Beek 8 1
86%
2020/21 (Premier League - 2nd) Netherlands CM 23 Donny van de Beek 19 1
86%
2017/18 (Premier League - 2nd) Netherlands CB 27 Daley Blind 7
84%
2016/17 (Premier League - 6th) Netherlands CB 26 Daley Blind 23 1
84%
2015/16 (Premier League - 5th) Netherlands CB 25 Daley Blind 35 1
84%
2014/15 (Premier League - 4th) Netherlands CB 24 Daley Blind 25 2
84%
2021/22 (Premier League - 6th) Wales LW 23 Daniel James 2
84%
2020/21 (Premier League - 2nd) Wales LW 22 Daniel James 15 3
84%
2019/20 (Premier League - 3rd) Wales LW 21 Daniel James 33 3
84%
2021/22 (Premier League - 6th) England AM 28 Jesse Lingard 16 2
84%
2019/20 (Premier League - 3rd) England AM 26 Jesse Lingard 22 1
84%
2018/19 (Premier League - 6th) England AM 25 Jesse Lingard 27 4
84%
2017/18 (Premier League - 2nd) England AM 24 Jesse Lingard 33 8
84%
2016/17 (Premier League - 6th) England AM 23 Jesse Lingard 25 1
84%
2015/16 (Premier League - 5th) England AM 22 Jesse Lingard 25 4
84%
2014/15 (Premier League - 4th) England AM 21 Jesse Lingard 1
84%
2014/15 (Premier League - 4th) Netherlands ST 30 Robin van Persie 27 10
84%
2023/24 (Premier League - 8th) Ivory Coast RW 21 Amad Diallo 9 1
83%
2020/21 (Premier League - 2nd) Ivory Coast RW 17 Amad Diallo 3
83%
2015/16 (Premier League - 5th) Mexico ST 27 Javier Hernandez 1
83%
2014/15 (Premier League - 4th) Mexico ST 26 Javier Hernandez 1
83%
2014/15 (Premier League - 4th) Argentina RW 26 Angel Di Maria 27 3
82%
2019/20 (Premier League - 3rd) Argentina CB 29 Marcos Rojo 3
82%
2018/19 (Premier League - 6th) Argentina CB 28 Marcos Rojo 5
82%
2017/18 (Premier League - 2nd) Argentina CB 27 Marcos Rojo 9
82%
2016/17 (Premier League - 6th) Argentina CB 26 Marcos Rojo 21 1
82%
2015/16 (Premier League - 5th) Argentina CB 25 Marcos Rojo 16
82%
2014/15 (Premier League - 4th) Argentina CB 24 Marcos Rojo 22
82%
2018/19 (Premier League - 6th) Italy RB 28 Matteo Darmian 6
82%
2017/18 (Premier League - 2nd) Italy RB 27 Matteo Darmian 8
82%
2016/17 (Premier League - 6th) Italy RB 26 Matteo Darmian 18
82%
2015/16 (Premier League - 5th) Italy RB 25 Matteo Darmian 28 1
82%
2018/19 (Premier League - 6th) England CB 28 Chris Smalling 24 1
81%
2017/18 (Premier League - 2nd) England CB 27 Chris Smalling 29 4
81%
2016/17 (Premier League - 6th) England CB 26 Chris Smalling 18 1
81%
2015/16 (Premier League - 5th) England CB 25 Chris Smalling 35
81%
2014/15 (Premier League - 4th) England CB 24 Chris Smalling 25 4
81%
2021/22 (Premier League - 6th) England RW 19 Mason Greenwood 18 5
81%
2020/21 (Premier League - 2nd) England RW 18 Mason Greenwood 31 7
81%
2019/20 (Premier League - 3rd) England RW 17 Mason Greenwood 31 10
81%
2018/19 (Premier League - 6th) England RW 16 Mason Greenwood 3
81%
2017/18 (Premier League - 2nd) Armenia CM 28 Henrikh Mkhitaryan 15 1
80%
2016/17 (Premier League - 6th) Armenia CM 27 Henrikh Mkhitaryan 24 4
80%
2022/23 (Premier League - 3rd) Austria CM 28 Marcel Sabitzer 11
80%
2017/18 (Premier League - 2nd) England DM 35 Michael Carrick 2
80%
2016/17 (Premier League - 6th) England DM 34 Michael Carrick 23
80%
2015/16 (Premier League - 5th) England DM 33 Michael Carrick 28
80%
2014/15 (Premier League - 4th) England DM 32 Michael Carrick 18 1
80%
2014/15 (Premier League - 4th) Colombia ST 28 Radamel Falcao 26 4
80%
2022/23 (Premier League - 3rd) Sweden LW 20 Anthony Elanga 16
79%
2021/22 (Premier League - 6th) Sweden LW 19 Anthony Elanga 21 2
79%
2020/21 (Premier League - 2nd) Sweden LW 18 Anthony Elanga 2 1
79%
2023/24 (Premier League - 8th) England LW 24 Jadon Sancho 3
79%
2022/23 (Premier League - 3rd) England LW 22 Jadon Sancho 26 6
79%
2021/22 (Premier League - 6th) England LW 21 Jadon Sancho 29 3
79%
2016/17 (Premier League - 6th) Netherlands ST 22 Memphis Depay 4
79%
2015/16 (Premier League - 5th) Netherlands ST 21 Memphis Depay 29 2
79%
2022/23 (Premier League - 3rd) Netherlands ST 29 Wout Weghorst 17
79%
2019/20 (Premier League - 3rd) England LB 33 Ashley Young 12
76%
2018/19 (Premier League - 6th) England LB 32 Ashley Young 30 2
76%
2017/18 (Premier League - 2nd) England LB 31 Ashley Young 30 2
76%
2016/17 (Premier League - 6th) England LB 30 Ashley Young 12
76%
2015/16 (Premier League - 5th) England LB 29 Ashley Young 18 1
76%
2014/15 (Premier League - 4th) England LB 28 Ashley Young 26 2
76%
2015/16 (Premier League - 5th) Germany CM 30 Bastian Schweinsteiger 18 1
76%
2022/23 (Premier League - 3rd) Netherlands LB 22 Tyrell Malacia 22
76%
2021/22 (Premier League - 6th) Brazil LB 28 Alex Telles 21
75%
2020/21 (Premier League - 2nd) Brazil LB 27 Alex Telles 9
75%
2015/16 (Premier League - 5th) Belgium RW 20 Adnan Januzaj 5 1
74%
2014/15 (Premier League - 4th) Belgium RW 19 Adnan Januzaj 18
74%
2023/24 (Premier League - 8th) England AM 25 Mason Mount 14 1
74%
2017/18 (Premier League - 2nd) Argentina GK 30 Sergio Romero 1
74%
2016/17 (Premier League - 6th) Argentina GK 29 Sergio Romero 2
74%
2015/16 (Premier League - 5th) Argentina GK 28 Sergio Romero 4
74%
2020/21 (Premier League - 2nd) England GK 23 Dean Henderson 13
73%
2023/24 (Premier League - 8th) Tunisia AM 21 Hannibal Mejbri 5 1
72%
2021/22 (Premier League - 6th) Tunisia AM 18 Hannibal Mejbri 2
72%
2020/21 (Premier League - 2nd) Tunisia AM 17 Hannibal Mejbri 1
72%
2023/24 (Premier League - 8th) Uruguay RW 22 Facundo Pellistri 9
71%
2022/23 (Premier League - 3rd) Uruguay RW 20 Facundo Pellistri 4
71%
2016/17 (Premier League - 6th) France DM 26 Morgan Schneiderlin 3
70%
2015/16 (Premier League - 5th) France DM 25 Morgan Schneiderlin 29 1
70%
2020/21 (Premier League - 2nd) Nigeria ST 31 Odion Ighalo 1
70%
2019/20 (Premier League - 3rd) Nigeria ST 30 Odion Ighalo 11
70%
2023/24 (Premier League - 8th) Spain LB 27 Sergio Reguilon 9
70%
2019/20 (Premier League - 3rd) Brazil AM 23 Andreas Pereira 25 1
66%
2018/19 (Premier League - 6th) Brazil AM 22 Andreas Pereira 15 1
66%
2015/16 (Premier League - 5th) Brazil AM 19 Andreas Pereira 4
66%
2014/15 (Premier League - 4th) Brazil AM 18 Andreas Pereira 1
66%
2014/15 (Premier League - 4th) Brazil RB 23 Rafael 10
65%
2016/17 (Premier League - 6th) Portugal GK 20 Joel Pereira 1
64%
2014/15 (Premier League - 4th) Scotland CM 30 Darren Fletcher 11
61%
2014/15 (Premier League - 4th) Portugal LW 27 Nani 1
61%
2014/15 (Premier League - 4th) Spain GK 32 Victor Valdes 2
61%
2014/15 (Premier League - 4th) England ST 23 Danny Welbeck 2
56%
2020/21 (Premier League - 2nd) England LB 19 Brandon Williams 4
52%
2019/20 (Premier League - 3rd) England LB 18 Brandon Williams 17 1
52%
2020/21 (Premier League - 2nd) England CB 22 Axel Tuanzebe 9
49%
2019/20 (Premier League - 3rd) England CB 21 Axel Tuanzebe 5
49%
2017/18 (Premier League - 2nd) England CB 19 Axel Tuanzebe 1
49%
2016/17 (Premier League - 6th) England CB 18 Axel Tuanzebe 4
49%
2020/21 (Premier League - 2nd) Netherlands RB 22 Timothy Fosu-Mensah 1
48%
2019/20 (Premier League - 3rd) Netherlands RB 21 Timothy Fosu-Mensah 3
48%
2016/17 (Premier League - 6th) Netherlands RB 18 Timothy Fosu-Mensah 4
48%
2015/16 (Premier League - 5th) Netherlands RB 17 Timothy Fosu-Mensah 8
48%
2019/20 (Premier League - 3rd) Netherlands RW 19 Tahith Chong 3
44%
2018/19 (Premier League - 6th) Netherlands RW 18 Tahith Chong 2
44%
2014/15 (Premier League - 4th) Brazil CM 26 Anderson 1
43%
2015/16 (Premier League - 5th) England ST 19 James Wilson 1
39%
2014/15 (Premier League - 4th) England ST 18 James Wilson 13 1
39%
2014/15 (Premier League - 4th) England CB 21 Michael Keane 1
39%
2015/16 (Premier League - 5th) Northern Ireland CB 20 Paddy McNair 8
39%
2014/15 (Premier League - 4th) Northern Ireland CB 19 Paddy McNair 16
39%
2023/24 (Premier League - 8th) France CB 19 Willy Kambwala 8
39%
2015/16 (Premier League - 5th) Ireland ST 22 Will Keane 1
38%
2015/16 (Premier League - 5th) Uruguay RB 22 Guillermo Varela 4
33%
2014/15 (Premier League - 4th) England CM 24 Tom Cleverley 1
31%
2019/20 (Premier League - 3rd) England AM 18 Angel Gomes 2
30%
2018/19 (Premier League - 6th) England AM 17 Angel Gomes 2
30%
2016/17 (Premier League - 6th) England AM 15 Angel Gomes 1
30%
2015/16 (Premier League - 5th) England LB 18 Cameron Borthwick-Jackson 10
26%
2016/17 (Premier League - 6th) England AM 20 Josh Harrop 1 1
25%
2023/24 (Premier League - 8th) England ST 18 Ethan Wheatley 3
22%
2019/20 (Premier League - 3rd) England DM 18 James Garner 1
21%
2018/19 (Premier League - 6th) England DM 17 James Garner 1
21%
2023/24 (Premier League - 8th) England CM 19 Daniel Gore 1
20%
2014/15 (Premier League - 4th) England LB 20 Tyler Blackett 11
20%
2023/24 (Premier League - 8th) England RW 19 Omari Forson 4
19%
2021/22 (Premier League - 6th) England AM 17 Shola Shoretire 1
19%
2020/21 (Premier League - 2nd) England AM 16 Shola Shoretire 2
19%
2015/16 (Premier League - 5th) England AM 21 Nick Powell 1
16%
2020/21 (Premier League - 2nd) England CB 17 Will Fish 1
13%
2016/17 (Premier League - 6th) England LM 19 Demetri Mitchell 1
9%
2015/16 (Premier League - 5th) Scotland RB 20 Donald Love 1
9%
2015/16 (Premier League - 5th) England CM 19 James Weir 1
5%
2014/15 (Premier League - 4th) England CB 21 Tom Thorpe 1
5%
No matching quizzes found
Score Distribution
Percent of People with Each Score
Percentile by Number Answered
Your Score History
You have not taken this quiz since the last reset